[Event "Landesliga Sued 1213"]
[Site "Bayern"]
[Date "2013.02.03"]
[Round "6.6"]
[White "Ebenhoech, Daniel"]
[Black "Kuebler, Uwe"]
[Result "1-0"]
[WhiteElo "2106"]
[BlackElo "1903"]
[PlyCount "61"]
[EventDate "2012.10.14"]
[EventType "team-tourn"]
[EventRounds "9"]
[EventCountry "GER"]
[SourceTitle "EXT 2015"]
[Source "ChessBase"]
[SourceDate "2014.11.20"]
[SourceVersion "1"]
[SourceVersionDate "2014.11.20"]
[SourceQuality "1"]
[WhiteTeam "Ingolstadt"]
[BlackTeam "Muenchen Tarrasch II"]
[WhiteTeamCountry "GER"]
[BlackTeamCountry "GER"]

1. d4 g6 2. c4 Bg7 3. Nc3 d6 4. e4 Nf6 5. Nge2 0-0 6. g3 c5 7. d5 e6 8. Bg2 exd5 9. cxd5 Re8 10. Qc2 a6 11. a4 a5 12. 0-0 Na6 13. Bg5 h6 14. Bf4 Nb4 15. Qd2 g5 16. Be3 Ng4 17. Nd1 Bd7 18. f4 Nxe3 19. Nxe3 b5 20. axb5 Bxb5 21. Ra3 Bxe2 22. Qxe2 Bd4 23. Kh1 Bxe3 24. Rxe3 f6 25. e5 dxe5 26. fxe5 Rxe5 27. Rxe5 fxe5 28. Qxe5 Ra6 29. Qf5 Rd6 30. Qf7+ Kh8 31. Re1 1-0

[Event "Regionalliga SO 1011"]
[Site "Bayern"]
[Date "2010.10.10"]
[Round "1.6"]
[White "Ebenhoech, Daniel"]
[Black "Grimm, Markus"]
[Result "1-0"]
[WhiteElo "2059"]
[BlackElo "1858"]
[PlyCount "95"]
[EventDate "2010.10.10"]
[EventType "team-tourn"]
[EventRounds "9"]
[EventCountry "GER"]
[SourceTitle "EXT 2012"]
[Source "ChessBase"]
[SourceDate "2011.11.24"]
[SourceVersion "1"]
[SourceVersionDate "2011.11.24"]
[SourceQuality "1"]
[WhiteTeam "Ingolstadt II"]
[BlackTeam "Straubing"]
[WhiteTeamCountry "GER"]
[BlackTeamCountry "GER"]

1. e4 c6 2. d4 d5 3. exd5 cxd5 4. Bd3 Nf6 5. c3 Nc6 6. Bf4 e6 7. Nf3 Bd6 8. Bg3 0-0 9. Nbd2 Qc7 10. 0-0 e5 11. dxe5 Nxe5 12. Nxe5 Bxe5 13. Bxe5 Qxe5 14. Re1 Qf4 15. g3 Qd6 16. Nf3 Bg4 17. Be2 Rfe8 18. Nd4 Bxe2 19. Rxe2 Rxe2 20. Nxe2 Re8 21. Nf4 Qe5 22. Qd3 Re7 23. Rd1 Rd7 24. Qb5 Qe4 25. Rd4 Qf3 26. Rd3 Qe4 27. Re3 Qc4 28. Re8+ Nxe8 29. Qxd7 Qe4 30. Qxd5 Qe7 31. Qd4 a6 32. Nd5 Qe6 33. c4 h6 34. Qe3 Qd7 35. Qe7 Qc6 36. b3 a5 37. Qd8 Kh7 38. Ne7 Qe6 39. Qxe8 Qe1+ 40. Kg2 Qe4+ 41. Kh3 Qe6+ 42. g4 f6 43. Qg6+ Kh8 44. Nf5 Qd7 45. Kh4 Qc7 46. Qxg7+ Qxg7 47. Nxg7 Kxg7 48. Kh5 1-0